000 00464nam a2200181Ia 4500
001 22228
005 20260414150817.0
008 260414t2012||||xx |||||||||||||| ||spa||
041 _aESP
082 _a621.04
_bG23 2012
100 _aGarcía León, José Rafael
_eAUT
245 0 _aProblemas de selectividad de tecnología industrial
_b
260 _c2012
300 _a149 páginas :
_c26 cm.
650 _aTCA
654 _aCET
942 _cLIB
_dJUS
_fJUS
_2ddc
_n
999 _c22228
_d22228